000 nam a22 a 4500
999 _c3453
_d3453
003 AKMAL
005 20200220123923.0
008 170523s1997 my | e | 000 0 eng d
020 _a9679785955
020 _a9679785947 (pbk.)
039 9 _a201305311507
_bfadzli
_c201305171500
_dfadzli
040 _aAKMAL
_cAKMAL
049 _apmaklpmal
082 _a658.409 KHO
090 0 0 _a658.409
_bKHO
100 1 _aKhoo, Kheng-Hor,
_d1956-
_91421
245 1 0 _aSun Tzu :
_bthe keeper of CEOs' conscience /
_cKhoo Kheng-Hor
260 _aPetaling Jaya :
_bPelanduk Publications ,
_c1997
300 _a144p. :
_bill. ;
_c22cm
500 _aIncludes index
500 _aKoleksi Peribadi YABhg. Tun Ahmad Sarji (2100431)
650 _aChief executive officers
_96943
650 _aExecutives
_95963
942 _2ddc
_cBOOK